Panorama del sindicalismo mundial (Record no. 27264)

MARC details
000 -LEADER
campo de control de longitud fija 00584nam a2200169 i 4500
001 - NÚMERO DE CONTROL
campo de control 27264
003 - IDENTIFICADOR DE NÚMERO DE CONTROL
campo de control ES-MaACL
005 - FECHA Y HORA DE LA ÚLTIMA TRANSACCIÓN
campo de control 20250825113421.0
008 - DATOS DE LONGITUD FIJA--INFORMACIÓN GENERAL
campo de control de longitud fija 030114s1961 sp |||| | spa d
110 2# - ENTRADA PRINCIPAL--NOMBRE DE ENTIDAD CORPORATIVA
Nombre de entidad corporativa o nombre de jurisdicción como elemento de entrada Asociación Católica Nacional de Propagandistas (España)
9 (RLIN) 170889
245 10 - MENCIÓN DEL TÍTULO
Título Panorama del sindicalismo mundial
Resto del título : Círculo de Estudios, 1960-1961 /
Mención de responsabilidad, etc. Asociación Católica Nacional de Propagandistas.
260 ## - PUBLICACIÓN, DISTRIBUCIÓN, ETC.
Lugar de publicación, distribución, etc. Madrid :
Nombre del editor, distribuidor, etc. Euroamérica,
Fecha de publicación, distribución, etc. [1961]
300 ## - DESCRIPCIÓN FÍSICA
Extensión 463 p. ;
Dimensiones 18 cm.
650 04 - PUNTO DE ACCESO ADICIONAL DE MATERIA--TÉRMINO DE MATERIA
Término de materia o nombre geográfico como elemento de entrada Sindicalismo
9 (RLIN) 17110
852 ## - LOCALIZACIÓN
Ubicación ES-MaACL
Número de control de estantería C-21045
Holdings
Estatus retirado Estado de pérdida Estado de daño No para préstamo Biblioteca de origen Biblioteca actual Ubicación en estantería Fecha de adquisición Fuente de adquisición Total de préstamos Signatura topográfica completa Código de barras Visto por última vez Precio de reemplazo Tipo de ítem Koha
        Biblioteca del Ateneo de Madrid Biblioteca del Ateneo de Madrid Galería 17/01/2008     C-21045 1028141 23/02/2023 23/02/2023 Libro impreso